000 01733nam a22003017a 4500
005 20111219163543.0
010 _aB-482204-209
020 _a818146916X
_c95.00
020 _a9788181469168
_c95.00
035 _aB-482204-209
037 _bBlue Berry/Ven
082 _aS
100 _aNayar, Nandini
_953656
245 _aWhere is amma? /
_cby Nandini Nayar; pictures by Srividya Natarajan
260 _aChennai
_bTulika Publishers
_c2010
270 _a13, Prithvi Avenue, Abhiramaouram
_bChennai
_e600 018
300 _aunpaged
_bill.
_c23cm(pbk)
650 _aStories
_9938
700 _a Natarajan, Srividya
_937151
942 _2ddc
_cCH
_mNAY
_hS
999 _c59646
_d59646